000 00404nam a22001697a 4500
003 MPLRDC
005 20220104142949.0
008 210129b ||||| |||| 00| 0 eng d
082 _a220.7 AQC
100 _a阿姜查
245 _a以法为赠礼
_c法园编译群译
250 _a再版
260 _a
_b圆光出版社
_c1993
300 _b
650 _a佛教杂论
942 _cBK
_o220.7 AQC
999 _c35327
_d35317